Richest Countries Before and After WWI and WWII - Statistics

General Stats
  • This quiz has been taken 42 times
  • The average score is 10 of 14
Answer Stats
when GDP PPP Per Capita Country % Correct
Before WWI $10,400 United States
100%
Before WWI $9,310 United Kingdom
97%
Before WWI $9,170 Australia
81%
Before WWI $7,340 Canada
81%
After WWI $7,330 Canada
81%
Before WWI $7,060 Netherlands
81%
Before WWI $8,690 Switzerland
78%
Before WWI $7,160 Belgium
72%
Before WWI $7,500 Denmark
72%
After WWI $6,850 Luxembourg
69%
Before WWI $9,470 New Zealand
69%
Before WWI $6,880 Monaco
61%
Before WWII $11,900 Brunei
6%
After WWII $10,700 Bahamas
3%
No matching quizzes found
Score Distribution
Percent of People with Each Score
Percentile by Number Answered
Your Score History
You have not taken this quiz